00565nam a2200181u 450000100060000000300080000600500170001400800410003103500190007204000330009104100080012408200250013210000390015724500760019626000520027230000260032460000330035032916BD-RjUL20211209051921.0140429r19631954pk 000 0 eng d a(BD-RjUL)33006 aDLCcCarPdDLCdBD-RjULbeng aeng04223a297.63bNAE 19631 aNadvi, Syed Muzaffar Uddin,d1900-13aAn easy history of the Prophet of Islam /cby Syed Muzaffar Uddin Nadvi aLahore :bSh. M. Asgraf,c1954 [Reprinted 1963] axiv, 158 p. ;c19 cm.00aMuḥammad,cProphet,d-632.